Presidentes de Comunidades Autónomas: Castilla y León - Estadísticas

Estadísticas generales
  • Esta prueba ha sido intentada 37 veces
  • La puntuación promedio es 3 de 9
Estadísticas de respuestas
Período Presidente % Correcto
2019-Act. Alfonso Fernández Mañueco
97%
1987-1989 José María Aznar
76%
2001-2019 Juan Vicente Herrera
55%
1989-1991 Joesús Posada
34%
1991-2001 Juan José Lucas
34%
1983-1986 Demetrio Madrid
28%
1986-1987 José Constantino Nalda
7%
1980-1983 José Manuel García Verdugo
7%
1978-1980 Juan Manuel Reol
7%
No se encontraron pruebas coincidentes
Distribución de puntuación
Porcentaje de gente con cada puntuación
Porcentaje por número respondido
Historial de tus puntuaciones
No has intentado esta prueba.